00578nam a2200169 a 450000100100000000500170001000800410002704000250006808200150009310000290010824500500013726000350018730000280022259000280025095201130027899900170039100004804620201002060902.0181109s2018a dr 000 spa d aDO-SdBNPbspacBNPHU axxxbP592c aPichardo, Teofilo952177 0aComo evitar el suicidio. /cTeofilo Pichardo. aSanto Domingo :b[s.n],c2018. a204 p. :bil. ;c22 cm. aInventariado, 2018 / DG 0010718PDaPDbPDcHDd2018-11-09iLF1l0oxxx P592cp48046-10r2020-06-25w2020-06-25yLFPDZNo se presta c47534d47534